01007cas a2200289 a 45000010009000000050017000090080041000260100017000670220014000840250029000980350024001270370089001510400025002400420007002650430012002720500020002842450030003042460061003342600069003953000030004643100014004943620019005085000058005276500042005857100067006272700023006941351556520071221050228.0040308c20019999ii br p 0 0eng  a 2003306072 a0972-592X aI-D-E-2003-306072; 52-13 a(OCoLC)ocm54615461  bNational Institute of Science Communication, Dr. K S Krishnan Marg, New Delhi-110012 aDLCcDLCdOCoLCdDLC alc aa-ii--- aQD415.A1bN3786 aNatural product radiance. iSubtitle on cover:aBimonthly digest on natural products aNew Delhi :bNational Institute of Science Communication,c2001- av. :bcol. ill. ;c28 cm. aBimonthly aBegan in 2001. aDescription based on: Vol. 1, no. 4 (July/Aug. 2002). aNatural productszIndiavPeriodicals. aNational Institute of Science Communication (New Delhi, India) mmcs@niscair.res.in